000
00307nam a22001337a 4500
008
170126b xxu||||| |||| 00| 0 eng d
020
_a
9780323009096
041
_a
eng
080
_2
4TH
_a
61
100
_a
3
101
_a
MED
245
_a
CLINICAL ASSESSMENT IN RESPIRATORY CARE
_c
WILKINS
942
_2
udc
_c
BK
999
_c
3793
_d
3793